Victory through air power
Đã lưu trong:
| 主要作者: | |
|---|---|
| 格式: | 圖書 |
| 語言: | Undetermined |
| 出版: |
Garden City
Garden City Publishing Co.
1943
|
| 主題: | |
| 標簽: |
添加標簽
沒有標簽, 成為第一個標記此記錄!
|
| Thư viện lưu trữ: | Trung tâm Học liệu Trường Đại học Cần Thơ |
|---|
| LEADER | 00613nam a2200217Ia 4500 | ||
|---|---|---|---|
| 001 | CTU_88274 | ||
| 008 | 210402s9999 xx 000 0 und d | ||
| 082 | |a 623.74 | ||
| 082 | |b S498 | ||
| 100 | |a Seversky, Alexander P. De | ||
| 245 | 0 | |a Victory through air power | |
| 245 | 0 | |c Alexander P. De Seversky | |
| 260 | |a Garden City | ||
| 260 | |b Garden City Publishing Co. | ||
| 260 | |c 1943 | ||
| 650 | |a Aeronautics,World War | ||
| 650 | |x Military,Aerial operations | ||
| 650 | |y 1939-1945 | ||
| 650 | |z United States | ||
| 904 | |i Bằng,Hải | ||
| 980 | |a Trung tâm Học liệu Trường Đại học Cần Thơ | ||